| 000 | 00901nam a22002297a 4500 | ||
|---|---|---|---|
| 001 | 3775 | ||
| 003 | FISKH | ||
| 005 | 20240507084903.0 | ||
| 008 | 240507b cb ||||| |||| 00| 0 eng d | ||
| 040 |
_aFISK _beng _cFISK _dFISK |
||
| 082 | _a629.8 | ||
| 100 |
_aGoldsmith Dr. Mike _d1951- |
||
| 245 | _aRiotous robots / | ||
| 260 |
_aNew York : _bScholastic, _c2009 |
||
| 300 |
_a175 pages : _billustrations, _c20 cm |
||
| 505 | _aF | ||
| 520 | _aRiotous Robots are taking over the world. From underwater discovery to space travel, these metallic marvels are getting the most exciting jobs on the planet. This cybernetic guide tells you how they're doing it. It helps to discover a robot that's forced to snack on slugs for a living and a robo-alligator that works as a scarecrow. | ||
| 521 | 8 |
_a430 _bLexiles, |
|
| 700 | _aDr. Mike Goldsmith | ||
| 942 |
_2ddc _cBK _n0 |
||
| 999 |
_c3775 _d3775 |
||